Seminario Desempleo, Desigualdad y educación, Santander, del 31 de agosto al 4 de septiembre (Registro nro. 10120)
[ vista simple ]
| 000 -CABECERA | |
|---|---|
| Longitud fija campo de control | 01493nam a2200421 c 4500 |
| 001 - NÚMERO DE CONTROL | |
| Número de control | 10120 |
| 003 - IDENTIFICADOR DE NÚMERO DE CONTROL | |
| Identificador del número de control | ES-MaCES |
| 005 - FECHA Y HORA DE LA ÚLTIMA TRANSACCIÓN | |
| Fecha y hora de la última transacción | 20141221122043.0 |
| 008 - CAMPO FIJO DE DESCRIPCIÓN FIJA--INFORMACIÓN GENERAL | |
| Códigos de información de longitud fija | 000121s1998 sp d t o100 | spa d |
| 035 ## - NÚMERO DE CONTROL DEL SISTEMA | |
| Número de control del sistema | CES20000001113m |
| 040 ## - FUENTE DE CATALOGACIÓN | |
| Centro catalogador de origen | ES-MaCES |
| Lengua de catalogación | spa |
| Centro transcriptor | ES-MaCES |
| 111 2# - ENCABEZAMIENTO PRINCIPAL--NOMBRE DE REUNIÓN | |
| Nombre de congreso o jurisdicción como elemento de entrada | Seminario Desempleo, Desigualdad y Educación |
| Fecha del congreso | 1998 |
| Sede del congreso | Santander |
| 9 (RLIN) | 548 |
| 245 10 - MENCIÓN DE TÍTULO | |
| Título | Seminario Desempleo, Desigualdad y educación, Santander, del 31 de agosto al 4 de septiembre |
| Mención de responsabilidad, etc. | director, José María Maravall, [organizado por la] Universidad Internacional Menéndez Pelayo |
| 260 ## - PUBLICACIÓN, DISTRIBUCIÓN, ETC (PIE DE IMPRENTA) | |
| Lugar de publicación, distribución, etc. | Santander |
| Nombre del editor, distribuidor, etc. | UIMP |
| Fecha de publicación, distribución, etc. | 1998 |
| 300 ## - DESCRIPCIÓN FÍSICA | |
| Extensión | 1 v. (fol. var.) |
| Otras características físicas | gráf. bl. y n. |
| Dimensiones | 30 cm |
| 500 ## - NOTA GENERAL | |
| Nota general | Tít. tomado de la cub |
| 500 ## - NOTA GENERAL | |
| Nota general | Ejemp. fotocopiado |
| 504 ## - NOTA DE BIBLIOGRAFÍA, ETC. | |
| Nota de bibliografía, etc. | Bibliografía |
| 541 ## - NOTA DE LA FUENTE INMEDIANTE DE ADQUISICIÓN | |
| Forma de adquisición | Gratuito |
| 650 #4 - ASIENTO SECUNDARIO DE MATERIA--TÉRMINO DE MATERIA | |
| Término de materia o nombre geográfico como elemento inicial | recursos humanos |
| 9 (RLIN) | 28291 |
| 650 #4 - ASIENTO SECUNDARIO DE MATERIA--TÉRMINO DE MATERIA | |
| Término de materia o nombre geográfico como elemento inicial | educación |
| 9 (RLIN) | 27367 |
| 650 #4 - ASIENTO SECUNDARIO DE MATERIA--TÉRMINO DE MATERIA | |
| Término de materia o nombre geográfico como elemento inicial | política educativa |
| 9 (RLIN) | 27373 |
| 650 #4 - ASIENTO SECUNDARIO DE MATERIA--TÉRMINO DE MATERIA | |
| Término de materia o nombre geográfico como elemento inicial | política de formación |
| 9 (RLIN) | 29974 |
| 650 #4 - ASIENTO SECUNDARIO DE MATERIA--TÉRMINO DE MATERIA | |
| Término de materia o nombre geográfico como elemento inicial | nivel educativo |
| 9 (RLIN) | 27448 |
| 650 #4 - ASIENTO SECUNDARIO DE MATERIA--TÉRMINO DE MATERIA | |
| Término de materia o nombre geográfico como elemento inicial | desigualdad social |
| 9 (RLIN) | 30789 |
| 650 #4 - ASIENTO SECUNDARIO DE MATERIA--TÉRMINO DE MATERIA | |
| Término de materia o nombre geográfico como elemento inicial | empleo |
| 9 (RLIN) | 28299 |
| 650 #4 - ASIENTO SECUNDARIO DE MATERIA--TÉRMINO DE MATERIA | |
| Término de materia o nombre geográfico como elemento inicial | desempleo |
| 9 (RLIN) | 28308 |
| 650 #4 - ASIENTO SECUNDARIO DE MATERIA--TÉRMINO DE MATERIA | |
| Término de materia o nombre geográfico como elemento inicial | España |
| 9 (RLIN) | 26964 |
| 650 #4 - ASIENTO SECUNDARIO DE MATERIA--TÉRMINO DE MATERIA | |
| Término de materia o nombre geográfico como elemento inicial | internacional |
| 9 (RLIN) | 26674 |
| 650 #4 - ASIENTO SECUNDARIO DE MATERIA--TÉRMINO DE MATERIA | |
| Término de materia o nombre geográfico como elemento inicial | cuadros estadísticos |
| 9 (RLIN) | 28890 |
| 650 #4 - ASIENTO SECUNDARIO DE MATERIA--TÉRMINO DE MATERIA | |
| Término de materia o nombre geográfico como elemento inicial | conferencia |
| 9 (RLIN) | 27013 |
| 653 10 - TÉRMINO DE INDEXACIÓN--NO CONTROLADO | |
| Término no controlado | Educación |
| 700 1# - ENCABEZAMIENTO SECUNDARIO--NOMBRE PERSONAL | |
| Nombre de persona | Maravall, José María |
| Término indicativo de función | dir. |
| 9 (RLIN) | 17446 |
| 710 2# - ENCABEZAMIENTO SECUNDARIO--NOMBRE CORPORATIVO | |
| Nombre de entidad o nombre de jurisdicción como elemento inicial | Universidad Internacional Menéndez Pelayo |
| Término indicativo de función | col. |
| 9 (RLIN) | 5367 |
| 902 ## - CES. TIPO DE DOCUMENTO | |
| Tipodoc (006$c Sirtex) | DOC Literatura gris |
| 942 ## - ELEMENTOS KOHA | |
| Fuente de clasificaión o esquema | Clasificación propia del CES |
| Koha [por defecto] tipo de item | Monografías |
| Parte de clasificación | 4.0. |
| Número de registro | Signatura completa | Tipo de item de Koha |
|---|---|---|
| 034179 | DOC-4.0.-40 | Monografías |
